Introduction to Robotics Mechanics and Control (Record no. 611068)

000 -LEADER
fixed length control field 00404nam a22001457a 4500
020 ## - INTERNATIONAL STANDARD BOOK NUMBER
International Standard Book Number 8178084511
040 ## - CATALOGING SOURCE
Transcribing agency NUST
082 ## - DEWEY DECIMAL CLASSIFICATION NUMBER
Classification number 629.892
Author Mark CRA
100 ## - MAIN ENTRY--PERSONAL NAME
Personal name John J. Craig
9 (RLIN) 124585
245 ## - TITLE STATEMENT
Title Introduction to Robotics Mechanics and Control
250 ## - EDITION STATEMENT
Edition statement Second Edition,
260 ## - PUBLICATION, DISTRIBUTION, ETC.
Place of publication, distribution, etc. India:
Name of publisher, distributor, etc. Pearson Education,
Date of publication, distribution, etc. 2002.
650 ## - SUBJECT ADDED ENTRY--TOPICAL TERM
Source of heading or term Introduction to Robotics Mechanics and Control
942 ## - ADDED ENTRY ELEMENTS (KOHA)
Source of classification or shelving scheme
Koha item type Book
Holdings
Withdrawn status Lost status Source of classification or shelving scheme Damaged status Not for loan Permanent Location Current Location Shelving location Date acquired Total Checkouts Full call number Barcode Date last seen Price effective from Koha item type
          College of Electrical & Mechanical Engineering (CEME) College of Electrical & Mechanical Engineering (CEME) General Stacks 08/23/2024   629.892 CRA CEME- 36358 08/23/2024 08/23/2024 Book
          College of Electrical & Mechanical Engineering (CEME) College of Electrical & Mechanical Engineering (CEME) General Stacks 08/23/2024   629.892 CRA CEME-36357 08/23/2024 08/23/2024 Book
© 2023 Central Library, National University of Sciences and Technology. All Rights Reserved.